000 00581nam a2200205 i 4500
001 76200
003 ES-MaACL
007 t|
008 040929s1946 sp ||||1| spa d
100 1 _aGudmundsson, Kristmann.
_960397
245 1 0 _aSigmar /
_cKritsmann Gudmundsson ; [versión española de J.Mª R.].
250 _a[1ª ed.].
260 _aBarcelona :
_bLuis de Caralt,
_c[1946] (
_fModerna)
300 _a211 p. ;
_c21 cm.
490 1 _aGigante
700 1 _aR., J. Mª.
_994814
830 0 _aGigante
_9181050
852 _aES-MaACL
_jE-513
_bR.28500
999 _c76200
_d76200